Keys to investing in common stocks / (Record no. 4100)

MARC details
000 -LEADER
fixed length control field 00688 a2200217 4500
010 ## - LCCN (DPL NO)
LC control number ENG-86074
020 ## - INTERNATIONAL STANDARD BOOK NUMBER
International Standard Book Number 8187671629
Terms of availability 175.00
035 ## - SYSTEM CONTROL NUMBER
System control number EN-69607
037 ## - SOURCE OF ACQUISITION
Source of stock number/acquisition DBAD / PUB
082 14 - DEWEY DECIMAL CLASSIFICATION NUMBER
Classification number 332.63223
100 ## - MAIN ENTRY--PERSONAL NAME
Personal name Apostolou, Barbara
245 1# - TITLE STATEMENT
Title Keys to investing in common stocks /
Statement of responsibility, etc by Barbara Apostolou and Nicholas G.Apostolou
250 ## - EDITION STATEMENT
Edition statement 4th ed.
260 ## - PUBLICATION, DISTRIBUTION, ETC. (IMPRINT)
Place of publication, distribution, etc Chennai
Name of publisher, distributor, etc Westland Books
Date of publication, distribution, etc 2006
270 ## - ADDRESS
Address New No. 571, P.H.Road, Aminjikarai
City Chennai
State or province Tamil Nadu
Postal code 600 029
300 ## - PHYSICAL DESCRIPTION
Extent 188p.
Dimensions 21cm (pbk)
490 ## - SERIES STATEMENT
Series statement Barron's business keys
500 ## - GENERAL NOTE
General note Includes index
700 ## - ADDED ENTRY--PERSONAL NAME
Personal name Apostolou, Nicholas G.
942 ## - ADDED ENTRY ELEMENTS (KOHA)
Institution code [OBSOLETE] dpl
Item type English Books
Source of classification or shelving scheme Dewey Decimal Classification
Classification part 332.63223
Call number suffix APO
Holdings
Withdrawn status Lost status Not for loan Collection code Home library Current library Date acquired Source of acquisition Cost, normal purchase price Full call number Barcode Copy number Cost, replacement price Koha item type
    Not For Loan Non-fiction D.B.Act.Division D.B.Act.Division   DBAD/PUB 175.00 332.63223 APO EN-69607 1 175.00 English Books

© Delhi Public Library
Hit Counter
free hit counter